| 000 | 00889nam a2200217 4500 | ||
|---|---|---|---|
| 005 | 20240530110609.0 | ||
| 008 | 160625s2014 ua a|||g b||| 00| 0 ara d | ||
| 017 |
_a2014/1724 _bمصر. دار الكتب المصرية |
||
| 040 | _aEG-CaGPL | ||
| 082 | 0 | 4 |
_a371.33/ _bك ت _221 |
| 100 | 0 | _aكريمان بدير | |
| 245 | 1 | 2 |
_aالتعلم الذاتى : _bرؤية تطبيقية تكنولوجية متقدمة / _cكريمان بدير، هناء عبدالرحيم |
| 250 | _aط. 1. | ||
| 260 |
_aالقاهرة : _bعالم الكتب، _c2014. |
||
| 300 |
_a249 ص. : _bايض. ؛ _c24 سم. |
||
| 504 | _aببليوجرافية : ص. 243. | ||
| 650 | 0 | 4 |
_aالتعليم الذاتى _xتطبيقات الحاسبات الالكترونية |
| 700 | 0 |
_aهناء عبدالرحيم _eمؤلف مشارك. |
|
| 942 |
_2ddc _cBK |
||
| 999 |
_c62822 _d62822 |
||